000 00440nam a2200169Ia 4500
005 20250508152655.0
008 008 250505s9999 xx 000 0 eng d
037 _aBooks to be hide in OPAC
040 _aFEDL
_beng
_cFEDL
041 _aeng
_2eng
084 _a750, ANA
_qFEDL
245 0 _aHebbar
260 _aNew Delhi, India
_bLalit Kala Akadami
300 _a26p.
942 _cHB
_h750, ANA
999 _c1337974
_d1337974